<?xml version="1.0" encoding="UTF-8"?>
<record
    xmlns:xsi="http://www.w3.org/2001/XMLSchema-instance"
    xsi:schemaLocation="http://www.loc.gov/MARC21/slim http://www.loc.gov/standards/marcxml/schema/MARC21slim.xsd"
    xmlns="http://www.loc.gov/MARC21/slim">

  <leader>00338nam a2200133Ia 4500</leader>
  <controlfield tag="008">170620s9999    xx            000 0 und d</controlfield>
  <datafield tag="020" ind1=" " ind2=" ">
    <subfield code="a">9.78819E+12</subfield>
  </datafield>
  <datafield tag="100" ind1=" " ind2=" ">
    <subfield code="a">RAO-G.DEVLA</subfield>
  </datafield>
  <datafield tag="245" ind1=" " ind2="0">
    <subfield code="a">TEXT BOOK OF INORGANIC PHARMACEUTICAL CHEMISTRY</subfield>
  </datafield>
  <datafield tag="260" ind1=" " ind2=" ">
    <subfield code="b">Birla</subfield>
  </datafield>
  <datafield tag="260" ind1=" " ind2=" ">
    <subfield code="c">2012</subfield>
  </datafield>
  <datafield tag="300" ind1=" " ind2=" ">
    <subfield code="a">192</subfield>
  </datafield>
  <datafield tag="546" ind1=" " ind2=" ">
    <subfield code="a">English</subfield>
  </datafield>
  <datafield tag="690" ind1=" " ind2=" ">
    <subfield code="a"> INORGANIC PHARMACEUTICAL CHEMISTRY</subfield>
  </datafield>
  <datafield tag="999" ind1=" " ind2=" ">
    <subfield code="c">31364</subfield>
    <subfield code="d">31364</subfield>
  </datafield>
  <datafield tag="952" ind1=" " ind2=" ">
    <subfield code="0">0</subfield>
    <subfield code="1">0</subfield>
    <subfield code="2">ddc</subfield>
    <subfield code="4">0</subfield>
    <subfield code="7">0</subfield>
    <subfield code="a">12</subfield>
    <subfield code="b">12</subfield>
    <subfield code="d">2014-01-12</subfield>
    <subfield code="e">4</subfield>
    <subfield code="l">0</subfield>
    <subfield code="p">12-B-4608</subfield>
    <subfield code="r">2017-06-26</subfield>
    <subfield code="w">2017-06-26</subfield>
    <subfield code="y">02</subfield>
  </datafield>
  <datafield tag="952" ind1=" " ind2=" ">
    <subfield code="0">0</subfield>
    <subfield code="1">0</subfield>
    <subfield code="2">ddc</subfield>
    <subfield code="4">0</subfield>
    <subfield code="7">0</subfield>
    <subfield code="a">12</subfield>
    <subfield code="b">12</subfield>
    <subfield code="d">2014-01-12</subfield>
    <subfield code="e">4</subfield>
    <subfield code="l">0</subfield>
    <subfield code="p">12-B-4609</subfield>
    <subfield code="r">2017-06-26</subfield>
    <subfield code="w">2017-06-26</subfield>
    <subfield code="y">02</subfield>
  </datafield>
  <datafield tag="952" ind1=" " ind2=" ">
    <subfield code="0">0</subfield>
    <subfield code="1">0</subfield>
    <subfield code="2">ddc</subfield>
    <subfield code="4">0</subfield>
    <subfield code="7">0</subfield>
    <subfield code="a">12</subfield>
    <subfield code="b">12</subfield>
    <subfield code="d">2014-01-12</subfield>
    <subfield code="e">4</subfield>
    <subfield code="l">3</subfield>
    <subfield code="p">12-B-4610</subfield>
    <subfield code="r">2026-02-18</subfield>
    <subfield code="s">2025-08-28</subfield>
    <subfield code="w">2017-06-26</subfield>
    <subfield code="y">02</subfield>
  </datafield>
  <datafield tag="952" ind1=" " ind2=" ">
    <subfield code="0">0</subfield>
    <subfield code="1">0</subfield>
    <subfield code="2">ddc</subfield>
    <subfield code="4">0</subfield>
    <subfield code="7">0</subfield>
    <subfield code="a">12</subfield>
    <subfield code="b">12</subfield>
    <subfield code="d">2014-01-12</subfield>
    <subfield code="e">4</subfield>
    <subfield code="l">0</subfield>
    <subfield code="p">12-B-4611</subfield>
    <subfield code="r">2017-06-26</subfield>
    <subfield code="w">2017-06-26</subfield>
    <subfield code="y">02</subfield>
  </datafield>
  <datafield tag="952" ind1=" " ind2=" ">
    <subfield code="0">0</subfield>
    <subfield code="1">0</subfield>
    <subfield code="2">ddc</subfield>
    <subfield code="4">0</subfield>
    <subfield code="7">0</subfield>
    <subfield code="a">12</subfield>
    <subfield code="b">12</subfield>
    <subfield code="d">2014-01-12</subfield>
    <subfield code="e">4</subfield>
    <subfield code="l">6</subfield>
    <subfield code="p">12-B-4612</subfield>
    <subfield code="r">2026-02-18</subfield>
    <subfield code="s">2025-09-11</subfield>
    <subfield code="w">2017-06-26</subfield>
    <subfield code="y">02</subfield>
  </datafield>
  <datafield tag="952" ind1=" " ind2=" ">
    <subfield code="0">0</subfield>
    <subfield code="1">0</subfield>
    <subfield code="2">ddc</subfield>
    <subfield code="4">0</subfield>
    <subfield code="7">0</subfield>
    <subfield code="a">12</subfield>
    <subfield code="b">12</subfield>
    <subfield code="d">2014-01-12</subfield>
    <subfield code="e">4</subfield>
    <subfield code="l">1</subfield>
    <subfield code="p">12-B-4613</subfield>
    <subfield code="r">2020-01-09</subfield>
    <subfield code="s">2019-10-14</subfield>
    <subfield code="w">2017-06-26</subfield>
    <subfield code="y">02</subfield>
  </datafield>
  <datafield tag="952" ind1=" " ind2=" ">
    <subfield code="0">0</subfield>
    <subfield code="1">0</subfield>
    <subfield code="2">ddc</subfield>
    <subfield code="4">0</subfield>
    <subfield code="7">0</subfield>
    <subfield code="a">12</subfield>
    <subfield code="b">12</subfield>
    <subfield code="d">2014-01-12</subfield>
    <subfield code="e">4</subfield>
    <subfield code="l">5</subfield>
    <subfield code="p">12-B-4614</subfield>
    <subfield code="r">2026-02-19</subfield>
    <subfield code="s">2025-08-28</subfield>
    <subfield code="w">2017-06-26</subfield>
    <subfield code="y">02</subfield>
  </datafield>
  <datafield tag="952" ind1=" " ind2=" ">
    <subfield code="0">0</subfield>
    <subfield code="1">0</subfield>
    <subfield code="2">ddc</subfield>
    <subfield code="4">0</subfield>
    <subfield code="7">0</subfield>
    <subfield code="a">12</subfield>
    <subfield code="b">12</subfield>
    <subfield code="d">2014-01-12</subfield>
    <subfield code="e">4</subfield>
    <subfield code="l">3</subfield>
    <subfield code="p">12-B-4615</subfield>
    <subfield code="q">2022-03-15</subfield>
    <subfield code="r">2021-12-24</subfield>
    <subfield code="s">2021-12-24</subfield>
    <subfield code="w">2017-06-26</subfield>
    <subfield code="y">02</subfield>
  </datafield>
  <datafield tag="952" ind1=" " ind2=" ">
    <subfield code="0">0</subfield>
    <subfield code="1">0</subfield>
    <subfield code="2">ddc</subfield>
    <subfield code="4">0</subfield>
    <subfield code="7">0</subfield>
    <subfield code="a">12</subfield>
    <subfield code="b">12</subfield>
    <subfield code="d">2014-01-12</subfield>
    <subfield code="e">4</subfield>
    <subfield code="l">3</subfield>
    <subfield code="p">12-B-4616</subfield>
    <subfield code="r">2023-10-25</subfield>
    <subfield code="s">2023-10-03</subfield>
    <subfield code="w">2017-06-26</subfield>
    <subfield code="y">02</subfield>
  </datafield>
  <datafield tag="952" ind1=" " ind2=" ">
    <subfield code="0">0</subfield>
    <subfield code="1">0</subfield>
    <subfield code="2">ddc</subfield>
    <subfield code="4">0</subfield>
    <subfield code="7">0</subfield>
    <subfield code="a">12</subfield>
    <subfield code="b">12</subfield>
    <subfield code="d">2014-01-12</subfield>
    <subfield code="e">4</subfield>
    <subfield code="l">4</subfield>
    <subfield code="p">12-B-4617</subfield>
    <subfield code="r">2025-06-02</subfield>
    <subfield code="s">2024-09-17</subfield>
    <subfield code="w">2017-06-26</subfield>
    <subfield code="y">02</subfield>
  </datafield>
  <datafield tag="952" ind1=" " ind2=" ">
    <subfield code="0">0</subfield>
    <subfield code="1">0</subfield>
    <subfield code="2">ddc</subfield>
    <subfield code="4">0</subfield>
    <subfield code="7">0</subfield>
    <subfield code="a">12</subfield>
    <subfield code="b">12</subfield>
    <subfield code="d">2014-01-12</subfield>
    <subfield code="e">4</subfield>
    <subfield code="l">0</subfield>
    <subfield code="p">12-B-4618</subfield>
    <subfield code="r">2017-06-26</subfield>
    <subfield code="w">2017-06-26</subfield>
    <subfield code="y">02</subfield>
  </datafield>
  <datafield tag="952" ind1=" " ind2=" ">
    <subfield code="0">0</subfield>
    <subfield code="1">0</subfield>
    <subfield code="2">ddc</subfield>
    <subfield code="4">0</subfield>
    <subfield code="7">0</subfield>
    <subfield code="a">12</subfield>
    <subfield code="b">12</subfield>
    <subfield code="d">2014-01-12</subfield>
    <subfield code="e">4</subfield>
    <subfield code="l">0</subfield>
    <subfield code="p">12-B-4619</subfield>
    <subfield code="r">2017-06-26</subfield>
    <subfield code="w">2017-06-26</subfield>
    <subfield code="y">02</subfield>
  </datafield>
  <datafield tag="952" ind1=" " ind2=" ">
    <subfield code="0">0</subfield>
    <subfield code="1">0</subfield>
    <subfield code="2">ddc</subfield>
    <subfield code="4">0</subfield>
    <subfield code="7">0</subfield>
    <subfield code="a">12</subfield>
    <subfield code="b">12</subfield>
    <subfield code="d">2014-01-12</subfield>
    <subfield code="e">4</subfield>
    <subfield code="l">4</subfield>
    <subfield code="p">12-B-4620</subfield>
    <subfield code="r">2025-05-28</subfield>
    <subfield code="s">2024-09-20</subfield>
    <subfield code="w">2017-06-26</subfield>
    <subfield code="y">02</subfield>
  </datafield>
  <datafield tag="952" ind1=" " ind2=" ">
    <subfield code="0">0</subfield>
    <subfield code="1">0</subfield>
    <subfield code="2">ddc</subfield>
    <subfield code="4">0</subfield>
    <subfield code="7">0</subfield>
    <subfield code="a">12</subfield>
    <subfield code="b">12</subfield>
    <subfield code="d">2014-01-12</subfield>
    <subfield code="e">4</subfield>
    <subfield code="l">2</subfield>
    <subfield code="p">12-B-4621</subfield>
    <subfield code="r">2024-09-24</subfield>
    <subfield code="s">2024-09-24</subfield>
    <subfield code="w">2017-06-26</subfield>
    <subfield code="y">02</subfield>
  </datafield>
  <datafield tag="952" ind1=" " ind2=" ">
    <subfield code="0">0</subfield>
    <subfield code="1">0</subfield>
    <subfield code="2">ddc</subfield>
    <subfield code="4">0</subfield>
    <subfield code="7">0</subfield>
    <subfield code="a">12</subfield>
    <subfield code="b">12</subfield>
    <subfield code="d">2014-01-12</subfield>
    <subfield code="e">4</subfield>
    <subfield code="l">6</subfield>
    <subfield code="p">12-B-4622</subfield>
    <subfield code="r">2026-01-29</subfield>
    <subfield code="s">2025-09-24</subfield>
    <subfield code="w">2017-06-26</subfield>
    <subfield code="y">02</subfield>
  </datafield>
  <datafield tag="952" ind1=" " ind2=" ">
    <subfield code="0">0</subfield>
    <subfield code="1">0</subfield>
    <subfield code="2">ddc</subfield>
    <subfield code="4">0</subfield>
    <subfield code="7">0</subfield>
    <subfield code="a">12</subfield>
    <subfield code="b">12</subfield>
    <subfield code="d">2014-01-12</subfield>
    <subfield code="e">4</subfield>
    <subfield code="l">5</subfield>
    <subfield code="p">12-B-4623</subfield>
    <subfield code="r">2026-02-23</subfield>
    <subfield code="s">2025-09-29</subfield>
    <subfield code="w">2017-06-26</subfield>
    <subfield code="y">02</subfield>
  </datafield>
  <datafield tag="952" ind1=" " ind2=" ">
    <subfield code="0">0</subfield>
    <subfield code="1">0</subfield>
    <subfield code="2">ddc</subfield>
    <subfield code="4">0</subfield>
    <subfield code="7">0</subfield>
    <subfield code="a">12</subfield>
    <subfield code="b">12</subfield>
    <subfield code="d">2014-01-12</subfield>
    <subfield code="e">4</subfield>
    <subfield code="l">7</subfield>
    <subfield code="p">12-B-4624</subfield>
    <subfield code="r">2026-02-19</subfield>
    <subfield code="s">2025-09-16</subfield>
    <subfield code="w">2017-06-26</subfield>
    <subfield code="y">02</subfield>
  </datafield>
  <datafield tag="952" ind1=" " ind2=" ">
    <subfield code="0">0</subfield>
    <subfield code="1">0</subfield>
    <subfield code="2">ddc</subfield>
    <subfield code="4">0</subfield>
    <subfield code="7">0</subfield>
    <subfield code="a">12</subfield>
    <subfield code="b">12</subfield>
    <subfield code="d">2014-01-12</subfield>
    <subfield code="e">4</subfield>
    <subfield code="l">1</subfield>
    <subfield code="p">12-B-4625</subfield>
    <subfield code="r">2018-12-19</subfield>
    <subfield code="s">2018-09-07</subfield>
    <subfield code="w">2017-06-26</subfield>
    <subfield code="y">02</subfield>
  </datafield>
  <datafield tag="952" ind1=" " ind2=" ">
    <subfield code="0">0</subfield>
    <subfield code="1">0</subfield>
    <subfield code="2">ddc</subfield>
    <subfield code="4">0</subfield>
    <subfield code="7">0</subfield>
    <subfield code="a">12</subfield>
    <subfield code="b">12</subfield>
    <subfield code="d">2014-01-12</subfield>
    <subfield code="e">4</subfield>
    <subfield code="l">5</subfield>
    <subfield code="p">12-B-4626</subfield>
    <subfield code="r">2025-05-27</subfield>
    <subfield code="s">2024-09-17</subfield>
    <subfield code="w">2017-06-26</subfield>
    <subfield code="y">02</subfield>
  </datafield>
  <datafield tag="952" ind1=" " ind2=" ">
    <subfield code="0">0</subfield>
    <subfield code="1">0</subfield>
    <subfield code="2">ddc</subfield>
    <subfield code="4">0</subfield>
    <subfield code="7">0</subfield>
    <subfield code="a">12</subfield>
    <subfield code="b">12</subfield>
    <subfield code="d">2014-01-12</subfield>
    <subfield code="e">4</subfield>
    <subfield code="l">0</subfield>
    <subfield code="p">12-B-4627</subfield>
    <subfield code="r">2017-06-26</subfield>
    <subfield code="w">2017-06-26</subfield>
    <subfield code="y">02</subfield>
  </datafield>
  <datafield tag="952" ind1=" " ind2=" ">
    <subfield code="0">0</subfield>
    <subfield code="1">0</subfield>
    <subfield code="2">ddc</subfield>
    <subfield code="4">0</subfield>
    <subfield code="7">0</subfield>
    <subfield code="a">12</subfield>
    <subfield code="b">12</subfield>
    <subfield code="d">2014-01-12</subfield>
    <subfield code="e">4</subfield>
    <subfield code="l">6</subfield>
    <subfield code="p">12-B-4628</subfield>
    <subfield code="r">2025-01-23</subfield>
    <subfield code="s">2024-09-17</subfield>
    <subfield code="w">2017-06-26</subfield>
    <subfield code="y">02</subfield>
  </datafield>
  <datafield tag="952" ind1=" " ind2=" ">
    <subfield code="0">0</subfield>
    <subfield code="1">0</subfield>
    <subfield code="2">ddc</subfield>
    <subfield code="4">0</subfield>
    <subfield code="7">0</subfield>
    <subfield code="a">12</subfield>
    <subfield code="b">12</subfield>
    <subfield code="d">2014-01-12</subfield>
    <subfield code="e">4</subfield>
    <subfield code="l">6</subfield>
    <subfield code="p">12-B-4629</subfield>
    <subfield code="r">2026-02-17</subfield>
    <subfield code="s">2025-09-11</subfield>
    <subfield code="w">2017-06-26</subfield>
    <subfield code="y">02</subfield>
  </datafield>
  <datafield tag="952" ind1=" " ind2=" ">
    <subfield code="0">0</subfield>
    <subfield code="1">0</subfield>
    <subfield code="2">ddc</subfield>
    <subfield code="4">0</subfield>
    <subfield code="7">0</subfield>
    <subfield code="a">12</subfield>
    <subfield code="b">12</subfield>
    <subfield code="d">2014-01-12</subfield>
    <subfield code="e">4</subfield>
    <subfield code="l">0</subfield>
    <subfield code="p">12-B-4630</subfield>
    <subfield code="r">2017-06-26</subfield>
    <subfield code="w">2017-06-26</subfield>
    <subfield code="y">02</subfield>
  </datafield>
  <datafield tag="952" ind1=" " ind2=" ">
    <subfield code="0">0</subfield>
    <subfield code="1">0</subfield>
    <subfield code="2">ddc</subfield>
    <subfield code="4">0</subfield>
    <subfield code="7">0</subfield>
    <subfield code="a">12</subfield>
    <subfield code="b">12</subfield>
    <subfield code="d">2014-01-12</subfield>
    <subfield code="e">4</subfield>
    <subfield code="l">0</subfield>
    <subfield code="p">12-B-4631</subfield>
    <subfield code="r">2017-06-26</subfield>
    <subfield code="w">2017-06-26</subfield>
    <subfield code="y">02</subfield>
  </datafield>
  <datafield tag="952" ind1=" " ind2=" ">
    <subfield code="0">0</subfield>
    <subfield code="1">0</subfield>
    <subfield code="2">ddc</subfield>
    <subfield code="4">0</subfield>
    <subfield code="7">0</subfield>
    <subfield code="a">12</subfield>
    <subfield code="b">12</subfield>
    <subfield code="d">2014-01-12</subfield>
    <subfield code="e">4</subfield>
    <subfield code="l">0</subfield>
    <subfield code="p">12-B-4632</subfield>
    <subfield code="r">2017-06-26</subfield>
    <subfield code="w">2017-06-26</subfield>
    <subfield code="y">02</subfield>
  </datafield>
  <datafield tag="952" ind1=" " ind2=" ">
    <subfield code="0">0</subfield>
    <subfield code="1">0</subfield>
    <subfield code="2">ddc</subfield>
    <subfield code="4">0</subfield>
    <subfield code="7">0</subfield>
    <subfield code="a">12</subfield>
    <subfield code="b">12</subfield>
    <subfield code="d">2014-01-12</subfield>
    <subfield code="e">4</subfield>
    <subfield code="l">0</subfield>
    <subfield code="p">12-B-4633</subfield>
    <subfield code="r">2017-06-26</subfield>
    <subfield code="w">2017-06-26</subfield>
    <subfield code="y">02</subfield>
  </datafield>
  <datafield tag="952" ind1=" " ind2=" ">
    <subfield code="0">0</subfield>
    <subfield code="1">0</subfield>
    <subfield code="2">ddc</subfield>
    <subfield code="4">0</subfield>
    <subfield code="7">0</subfield>
    <subfield code="a">12</subfield>
    <subfield code="b">12</subfield>
    <subfield code="d">2014-01-12</subfield>
    <subfield code="e">4</subfield>
    <subfield code="l">0</subfield>
    <subfield code="p">12-B-4634</subfield>
    <subfield code="r">2017-06-26</subfield>
    <subfield code="w">2017-06-26</subfield>
    <subfield code="y">02</subfield>
  </datafield>
  <datafield tag="952" ind1=" " ind2=" ">
    <subfield code="0">0</subfield>
    <subfield code="1">0</subfield>
    <subfield code="2">ddc</subfield>
    <subfield code="4">0</subfield>
    <subfield code="7">0</subfield>
    <subfield code="a">12</subfield>
    <subfield code="b">12</subfield>
    <subfield code="d">2014-01-12</subfield>
    <subfield code="e">4</subfield>
    <subfield code="l">5</subfield>
    <subfield code="p">12-B-4635</subfield>
    <subfield code="r">2026-02-17</subfield>
    <subfield code="s">2025-08-28</subfield>
    <subfield code="w">2017-06-26</subfield>
    <subfield code="y">02</subfield>
  </datafield>
  <datafield tag="952" ind1=" " ind2=" ">
    <subfield code="0">0</subfield>
    <subfield code="1">0</subfield>
    <subfield code="2">ddc</subfield>
    <subfield code="4">0</subfield>
    <subfield code="7">0</subfield>
    <subfield code="a">12</subfield>
    <subfield code="b">12</subfield>
    <subfield code="d">2014-01-12</subfield>
    <subfield code="e">4</subfield>
    <subfield code="l">7</subfield>
    <subfield code="p">12-B-4636</subfield>
    <subfield code="r">2026-02-05</subfield>
    <subfield code="s">2025-09-10</subfield>
    <subfield code="w">2017-06-26</subfield>
    <subfield code="y">02</subfield>
  </datafield>
  <datafield tag="952" ind1=" " ind2=" ">
    <subfield code="0">0</subfield>
    <subfield code="1">0</subfield>
    <subfield code="2">ddc</subfield>
    <subfield code="4">0</subfield>
    <subfield code="7">0</subfield>
    <subfield code="a">12</subfield>
    <subfield code="b">12</subfield>
    <subfield code="d">2014-01-12</subfield>
    <subfield code="e">4</subfield>
    <subfield code="l">3</subfield>
    <subfield code="p">12-B-4637</subfield>
    <subfield code="r">2020-01-08</subfield>
    <subfield code="s">2019-10-14</subfield>
    <subfield code="w">2017-06-26</subfield>
    <subfield code="y">02</subfield>
  </datafield>
  <datafield tag="952" ind1=" " ind2=" ">
    <subfield code="0">0</subfield>
    <subfield code="1">0</subfield>
    <subfield code="2">ddc</subfield>
    <subfield code="4">0</subfield>
    <subfield code="7">0</subfield>
    <subfield code="a">12</subfield>
    <subfield code="b">12</subfield>
    <subfield code="d">2014-01-12</subfield>
    <subfield code="e">4</subfield>
    <subfield code="l">2</subfield>
    <subfield code="p">12-B-4638</subfield>
    <subfield code="q">2023-08-01</subfield>
    <subfield code="r">2023-05-05</subfield>
    <subfield code="s">2023-05-05</subfield>
    <subfield code="w">2017-06-26</subfield>
    <subfield code="y">02</subfield>
  </datafield>
  <datafield tag="952" ind1=" " ind2=" ">
    <subfield code="0">0</subfield>
    <subfield code="1">0</subfield>
    <subfield code="2">ddc</subfield>
    <subfield code="4">0</subfield>
    <subfield code="7">0</subfield>
    <subfield code="a">12</subfield>
    <subfield code="b">12</subfield>
    <subfield code="d">2014-01-12</subfield>
    <subfield code="e">4</subfield>
    <subfield code="l">4</subfield>
    <subfield code="p">12-B-4639</subfield>
    <subfield code="r">2026-01-29</subfield>
    <subfield code="s">2025-10-03</subfield>
    <subfield code="w">2017-06-26</subfield>
    <subfield code="y">02</subfield>
  </datafield>
  <datafield tag="952" ind1=" " ind2=" ">
    <subfield code="0">0</subfield>
    <subfield code="1">0</subfield>
    <subfield code="2">ddc</subfield>
    <subfield code="4">0</subfield>
    <subfield code="7">0</subfield>
    <subfield code="a">12</subfield>
    <subfield code="b">12</subfield>
    <subfield code="d">2014-01-12</subfield>
    <subfield code="e">4</subfield>
    <subfield code="l">6</subfield>
    <subfield code="p">12-B-4640</subfield>
    <subfield code="r">2026-03-19</subfield>
    <subfield code="s">2025-09-11</subfield>
    <subfield code="w">2017-06-26</subfield>
    <subfield code="y">02</subfield>
  </datafield>
  <datafield tag="952" ind1=" " ind2=" ">
    <subfield code="0">0</subfield>
    <subfield code="1">0</subfield>
    <subfield code="2">ddc</subfield>
    <subfield code="4">0</subfield>
    <subfield code="7">0</subfield>
    <subfield code="a">12</subfield>
    <subfield code="b">12</subfield>
    <subfield code="d">2014-01-12</subfield>
    <subfield code="e">4</subfield>
    <subfield code="l">0</subfield>
    <subfield code="p">12-B-4641</subfield>
    <subfield code="r">2017-06-26</subfield>
    <subfield code="w">2017-06-26</subfield>
    <subfield code="y">02</subfield>
  </datafield>
  <datafield tag="952" ind1=" " ind2=" ">
    <subfield code="0">0</subfield>
    <subfield code="1">0</subfield>
    <subfield code="2">ddc</subfield>
    <subfield code="4">0</subfield>
    <subfield code="7">0</subfield>
    <subfield code="a">12</subfield>
    <subfield code="b">12</subfield>
    <subfield code="d">2014-01-12</subfield>
    <subfield code="e">4</subfield>
    <subfield code="l">3</subfield>
    <subfield code="p">12-B-4642</subfield>
    <subfield code="r">2022-04-12</subfield>
    <subfield code="s">2022-04-11</subfield>
    <subfield code="w">2017-06-26</subfield>
    <subfield code="y">02</subfield>
  </datafield>
  <datafield tag="952" ind1=" " ind2=" ">
    <subfield code="0">0</subfield>
    <subfield code="1">0</subfield>
    <subfield code="2">ddc</subfield>
    <subfield code="4">0</subfield>
    <subfield code="7">0</subfield>
    <subfield code="a">12</subfield>
    <subfield code="b">12</subfield>
    <subfield code="d">2014-01-12</subfield>
    <subfield code="e">4</subfield>
    <subfield code="l">1</subfield>
    <subfield code="p">12-B-4643</subfield>
    <subfield code="r">2022-03-30</subfield>
    <subfield code="s">2021-12-30</subfield>
    <subfield code="w">2017-06-26</subfield>
    <subfield code="y">02</subfield>
  </datafield>
  <datafield tag="952" ind1=" " ind2=" ">
    <subfield code="0">0</subfield>
    <subfield code="1">0</subfield>
    <subfield code="2">ddc</subfield>
    <subfield code="4">0</subfield>
    <subfield code="7">0</subfield>
    <subfield code="a">12</subfield>
    <subfield code="b">12</subfield>
    <subfield code="d">2014-01-12</subfield>
    <subfield code="e">4</subfield>
    <subfield code="l">3</subfield>
    <subfield code="p">12-B-4644</subfield>
    <subfield code="r">2023-10-25</subfield>
    <subfield code="s">2023-10-20</subfield>
    <subfield code="w">2017-06-26</subfield>
    <subfield code="y">02</subfield>
  </datafield>
  <datafield tag="952" ind1=" " ind2=" ">
    <subfield code="0">0</subfield>
    <subfield code="1">0</subfield>
    <subfield code="2">ddc</subfield>
    <subfield code="4">0</subfield>
    <subfield code="7">0</subfield>
    <subfield code="a">12</subfield>
    <subfield code="b">12</subfield>
    <subfield code="d">2014-01-12</subfield>
    <subfield code="e">4</subfield>
    <subfield code="l">3</subfield>
    <subfield code="p">12-B-4645</subfield>
    <subfield code="r">2020-01-08</subfield>
    <subfield code="s">2019-10-12</subfield>
    <subfield code="w">2017-06-26</subfield>
    <subfield code="y">02</subfield>
  </datafield>
  <datafield tag="952" ind1=" " ind2=" ">
    <subfield code="0">0</subfield>
    <subfield code="1">0</subfield>
    <subfield code="2">ddc</subfield>
    <subfield code="4">0</subfield>
    <subfield code="7">0</subfield>
    <subfield code="a">12</subfield>
    <subfield code="b">12</subfield>
    <subfield code="d">2014-01-12</subfield>
    <subfield code="e">4</subfield>
    <subfield code="l">4</subfield>
    <subfield code="p">12-B-4646</subfield>
    <subfield code="r">2026-02-17</subfield>
    <subfield code="s">2025-08-28</subfield>
    <subfield code="w">2017-06-26</subfield>
    <subfield code="y">02</subfield>
  </datafield>
  <datafield tag="952" ind1=" " ind2=" ">
    <subfield code="0">0</subfield>
    <subfield code="1">0</subfield>
    <subfield code="2">ddc</subfield>
    <subfield code="4">0</subfield>
    <subfield code="7">0</subfield>
    <subfield code="a">12</subfield>
    <subfield code="b">12</subfield>
    <subfield code="d">2014-01-12</subfield>
    <subfield code="e">4</subfield>
    <subfield code="l">4</subfield>
    <subfield code="p">12-B-4647</subfield>
    <subfield code="q">2023-08-01</subfield>
    <subfield code="r">2023-03-28</subfield>
    <subfield code="s">2023-03-28</subfield>
    <subfield code="w">2017-06-26</subfield>
    <subfield code="y">02</subfield>
  </datafield>
</record>
